00646nam a2200193Ia 4500008004100000020001400041082001400055100002200069245006300091250000800154260004500162300002500207500001900232600003300251650001600284942000700300952012800307999001700435240925s9999 xx 000 0 und d a136250475 a519.4 MAT aMathews, John H. 0aNumerical Methods for Mathematics Science and Engineering  a2nd aNew Jersey:bPrintice- Hall Int.c,1992. a620p.bNAfPhotocopy aIncludes Index aHumanities & Natural Science aMathematics cBK 001040708HUMaUITUbUITUd2010-09-02eFair Book Centerg550.00l0o519.4 MATpQ8156r2024-09-25 07:14:51w2024-09-25yBK c10655d10655